[Event "26th Rubinstein Memorial"]
[Site "Polanica Zdroj POL"]
[Date "1988.08.??"]
[Round "1"]
[White "Borges Matos, Juan"]
[Black "Bany, Jerzy"]
[WhiteElo "2439"]
[BlackElo "2445"]
[Result "1/2-1/2"]
[EventDate "1988.08.04"]
[PlyCount "56"]
1. Nf3 e6 2. c4 f5 3. d4 Nf6 4. g3 d5 5. Bg2 c6 6. Qc2 Bd6 7. O-O O-O 8. Bg5 Bd7 9. Nbd2 Be8 10. e3 Bh5 11. Rab1 Nbd7 12. b4 Rc8 13. Rfc1 h6 14. Bxf6 Nxf6 15. Qd3 Ne4 16. b5 Qa5 17. Rc2 Bxf3 18. Nxf3 cxb5 19. c5 Qa4 20. Ne1 Bc7 21. Qxb5 Qxb5 22. Rxb5 b6 23. f3 Nf6 24. Nd3 Nd7 25. e4 dxe4 26. fxe4 bxc5 27. dxc5 Bb6 28. exf5 Nxc5 1/2-1/2

[Event "26th Rubinstein Memorial"]
[Site "Polanica Zdroj POL"]
[Date "1988.08.??"]
[Round "1"]
[White "Borkowski, Franciszek"]
[Black "Teske, Henrik"]
[WhiteElo "2410"]
[BlackElo "2405"]
[Result "0-1"]
[EventDate "1988.08.04"]
[PlyCount "88"]
1. e4 e6 2. d4 d5 3. Nc3 Bb4 4. Qd3 Ne7 5. a3 Bxc3+ 6. bxc3 b6 7. Qg3 O-O 8. Bf4 Ba6 9. Bxc7 Qc8 10. Bxa6 Qxa6 11. Bd6 Nbc6 12. Qd3 Qa5 13. e5 Rfc8 14. g4 Re8 15. Bxe7 Rxe7 16. Ne2 Rc8 17. f4 f6 18. O-O Rf8 19. a4 fxe5 20. fxe5 Rxf1+ 21. Kxf1 a6 22. Rb1 Rb7 23. c4 Qxa4 24. cxd5 exd5 25. Kg2 Nb4 26. Qf3 Rf7 27. Qc3 a5 28. Qc8+ Rf8 29. Qe6+ Kh8 30. Rf1 Rg8 31. Rc1 Na2 32. Re1 Qxc2 33. Qf5 Qd2 34. Qf2 Nb4 35. Nf4 Qxf2+ 36. Kxf2 Rf8 37. Kg3 Rxf4 38. Kxf4 Nd3+ 39. Kf5 Nxe1 40. Ke6 Nf3 41. Kxd5 Kg8 42. e6 Kf8 43. Kc6 Nxd4+ 44. Kxb6 a4 0-1

[Event "26th Rubinstein Memorial"]
[Site "Polanica Zdroj POL"]
[Date "1988.08.??"]
[Round "1"]
[White "Drasko, Milan"]
[Black "Matlak, Marek"]
[WhiteElo "2510"]
[BlackElo "2420"]
[Result "1-0"]
[EventDate "1988.08.04"]
[PlyCount "163"]
1. c4 e6 2. Nf3 d5 3. g3 c6 4. b3 b5 5. Bg2 Nf6 6. Qc2 bxc4 7. bxc4 Ba6 8. d3 Bb4+ 9. Bd2 Bxd2+ 10. Nbxd2 O-O 11. O-O Qa5 12. Nb3 Qa4 13. Qc3 Nbd7 14. Qa5 Qxa5 15. Nxa5 dxc4 16. dxc4 c5 17. Ne1 Rac8 18. Nd3 Rc7 19. Rab1 Rb8 20. Rxb8+ Nxb8 21. Ne5 Nfd7 22. Rd1 g6 23. Nd3 Nb6 24. Nb2 N8d7 25. f4 Kf8 26. Kf2 Ke7 27. Rd3 Nb8 28. Ke1 Bc8 29. Kd2 Bd7 30. Ra3 Bc8 31. Kc3 Kd6 32. Nd3 f6 33. Nb3 N6d7 34. Ra5 Na6 35. Nd2 Ke7 36. Bf3 Kd6 37. Rb5 Ke7 38. a4 Kd6 39. a5 Ke7 40. g4 Nab8 41. Rb1 Na6 42. h4 Nf8 43. g5 f5 44. h5 gxh5 45. Bxh5 Bb7 46. Bf3 Bxf3 47. Nxf3 Ng6 48. e3 Kd6 49. Rd1 Ke7 50. Nfe5 Nxe5 51. fxe5 Kf7 52. Nf4 Re7 53. Rh1 Kg8 54. Rh6 Nb8 55. g6 hxg6 56. Rxg6+ Kf7 57. Rf6+ Kg8 58. Rxe6 Rxe6 59. Nxe6 Nd7 60. a6 Nxe5 61. Nxc5 Nc6 62. Nd3 Kf7 63. Nb4 Ne5 64. Nc2 Nc6 65. c5 Ke7 66. Kc4 Kd7 67. Nd4 Ne7 68. Kb5 Kc7 69. Kc4 Kd7 70. Nc2 Nc6 71. Kb5 Kc7 72. Nd4 Ne7 73. Ne6+ Kd7 74. Ng7 Kc7 75. Kc4 Kc6 76. Ne6 Kd7 77. Nd4 Kc7 78. Nb5+ Kb8 79. Kd4 Nc6+ 80. Kd5 Nb4+ 81. Kd6 Nxa6 82. c6 1-0

[Event "26th Rubinstein Memorial"]
[Site "Polanica Zdroj POL"]
[Date "1988.08.??"]
[Round "1"]
[White "Jasnikowski, Zbigniew"]
[Black "Staniszewski, Piotr"]
[WhiteElo "2425"]
[BlackElo "2425"]
[Result "0-1"]
[EventDate "1988.08.04"]
[PlyCount "112"]
1. d4 Nf6 2. c4 e6 3. Nf3 b6 4. g3 Ba6 5. b3 Bb7 6. Bg2 Bb4+ 7. Bd2 a5 8. O-O O-O 9. a3 Be7 10. Nc3 d5 11. Ne5 Na6 12. cxd5 exd5 13. Bg5 c5 14. e3 Ne4 15. Bxe7 Qxe7 16. Rc1 Rfd8 17. Nb5 Nc7 18. Nxc7 Qxc7 19. Qc2 Qe7 20. Qb2 Re8 21. Rfe1 Rac8 22. Bf1 Rc7 23. Rc2 cxd4 24. Rxc7 Qxc7 25. exd4 Rc8 26. Nd3 Ba6 27. Rc1 Qd8 28. Nf4 Bxf1 29. Kxf1 Nf6 30. Rc2 Qd7 31. h4 h6 32. Kg2 Qf5 33. Rxc8+ Qxc8 34. Qd2 Qf5 35. Qe3 Kf8 36. Qe5 Qe4+ 37. Qxe4 dxe4 38. Kf1 Ke7 39. Ke2 g5 40. hxg5 hxg5 41. Nh3 Nh7 42. g4 Ke6 43. f4 exf3+ 44. Kxf3 f5 45. gxf5+ Kxf5 46. Ng1 Nf6 47. Ne2 g4+ 48. Ke3 Nd5+ 49. Kd2 Ke4 50. b4 a4 51. b5 Kf3 52. Ke1 g3 53. Ng1+ Kg2 54. Ne2 Kh2 55. Kf1 g2+ 56. Kf2 Nc3 0-1

[Event "26th Rubinstein Memorial"]
[Site "Polanica Zdroj POL"]
[Date "1988.08.??"]
[Round "2"]
[White "Bany, Jerzy"]
[Black "Drasko, Milan"]
[WhiteElo "2445"]
[BlackElo "2510"]
[Result "0-1"]
[EventDate "1988.08.04"]
[PlyCount "142"]
1. d4 Nf6 2. Nf3 e6 3. c4 Bb4+ 4. Bd2 c5 5. Bxb4 cxb4 6. a3 Qe7 7. c5 bxa3 8. Nxa3 Nc6 9. Nc4 O-O 10. e3 Rb8 11. Be2 b6 12. cxb6 axb6 13. O-O d6 14. Qb3 Bd7 15. Rfc1 Nd5 16. Ne1 g6 17. Bf3 Ndb4 18. Bxc6 Nxc6 19. Nd3 d5 20. Nce5 Na5 21. Qb4 Qxb4 22. Nxb4 Bb5 23. Rc7 Rbc8 24. Rac1 Nc4 25. Rxc8 Rxc8 26. b3 Nd6 27. Rxc8+ Nxc8 28. f3 f6 29. Ng4 Kf7 30. e4 dxe4 31. fxe4 h5 32. Ne3 Nd6 33. e5 fxe5 34. dxe5 Ne4 35. Nbc2 g5 36. Nd4 Bd3 37. Nd1 Nc5 38. Nb2 Ba6 39. b4 Nd7 40. b5 Bb7 41. Nc4 Bd5 42. Nd6+ Kf8 43. Nc6 Nc5 44. Nc8 Na4 45. Nd4 Ke8 46. Nd6+ Kd7 47. h3 Nc5 48. Nf7 Ne4 49. Nf3 g4 50. hxg4 hxg4 51. Nd4 g3 52. Nh6 Bc4 53. Ng4 Nc3 54. Nf6+ Ke7 55. Nc6+ Kf7 56. Nd8+ Kg6 57. Nd7 Na4 58. Nf6 Nc5 59. Ng8 Bxb5 60. Ne7+ Kg7 61. Nc8 Kf8 62. Nd6 Ba4 63. Kf1 Ke7 64. N8f7 b5 65. Nh8 Bc2 66. Ke2 b4 67. Kd2 b3 68. Nhf7 Bg6 69. Nh8 Bh7 70. Kc3 Bc2 71. Kd2 Na4 0-1

[Event "26th Rubinstein Memorial"]
[Site "Polanica Zdroj POL"]
[Date "1988.08.??"]
[Round "2"]
[White "Levitt, Jonathan"]
[Black "Borges Matos, Juan"]
[WhiteElo "2485"]
[BlackElo "2439"]
[Result "0-1"]
[EventDate "1988.08.04"]
[PlyCount "124"]
1. d4 e6 2. c4 d5 3. Nc3 Be7 4. Nf3 Nf6 5. Bg5 O-O 6. e3 Nbd7 7. Rc1 a6 8. c5 c6 9. Bd3 e5 10. dxe5 Ne8 11. Bf4 Nxc5 12. Bb1 Ne6 13. Qc2 g6 14. Bh6 N8g7 15. O-O f6 16. exf6 Rxf6 17. e4 d4 18. Rfd1 Rxf3 19. gxf3 Bg5 20. Bxg7 Kxg7 21. Ne2 Qf6 22. Rd3 Bxc1 23. Qxc1 Bd7 24. f4 Rf8 25. f5 gxf5 26. exf5 Kh8 27. Ng3 c5 28. f4 Ng7 29. Qxc5 Nxf5 30. Qe5 Qxe5 31. fxe5 Nh4 32. Rd1 Nf3+ 33. Kg2 Ng5 34. Rxd4 Bh3+ 35. Kh1 Rf2 36. Be4 Rxb2 37. Kg1 Nxe4 38. Nxe4 Rg2+ 39. Kh1 Rxa2 40. Kg1 Rg2+ 41. Kh1 Re2 42. Kg1 Kg7 43. Nd6 Rg2+ 44. Kh1 Rg5 45. Rd3 Bg2+ 46. Kg1 Bd5+ 47. Rg3 Rxg3+ 48. hxg3 a5 49. Kf2 a4 50. Nb5 Bc6 51. Na3 b5 52. Ke3 b4 53. Nc2 b3 54. Na3 Kf7 55. Kd4 Ke6 56. Nc4 Bb5 57. Na3 Be8 58. Nc4 h5 59. Kc3 Bb5 60. Na3 Bc6 61. Kd4 Bd5 62. Nb1 b2 0-1

[Event "26th Rubinstein Memorial"]
[Site "Polanica Zdroj POL"]
[Date "1988.08.??"]
[Round "2"]
[White "Teske, Henrik"]
[Black "Jasnikowski, Zbigniew"]
[WhiteElo "2405"]
[BlackElo "2425"]
[Result "0-1"]
[EventDate "1988.08.04"]
[PlyCount "60"]
1. c4 e6 2. Nf3 Nf6 3. g3 b6 4. Bg2 Bb7 5. O-O Be7 6. d4 O-O 7. d5 exd5 8. Nh4 c6 9. cxd5 Nxd5 10. Nf5 Bc5 11. e4 Qf6 12. Qg4 Qg6 13. Qh4 Re8 14. Bd2 Nf6 15. Nc3 d5 16. b4 Bf8 17. Rfe1 Nbd7 18. Qf4 Ne5 19. Nh4 Qh5 20. exd5 Nd3 21. dxc6 Bxc6 22. Qc4 Bxg2 23. Rxe8 Rxe8 24. Qxd3 Bb7 25. a3 g5 26. Qf5 gxh4 27. Qxf6 Bg7 28. Qf4 Be5 29. Qe3 hxg3 30. fxg3 Qh3 0-1

[Event "26th Rubinstein Memorial"]
[Site "Polanica Zdroj POL"]
[Date "1988.08.??"]
[Round "3"]
[White "Borkowski, Franciszek"]
[Black "Matlak, Marek"]
[WhiteElo "2410"]
[BlackElo "2420"]
[Result "0-1"]
[EventDate "1988.08.04"]
[PlyCount "82"]
1. e4 e6 2. Qe2 c5 3. d3 Nc6 4. Nf3 Nge7 5. g3 d5 6. Bg2 g6 7. h4 h6 8. Nbd2 Bg7 9. Nf1 O-O 10. e5 Qc7 11. Bf4 d4 12. Qd2 Kh7 13. N1h2 Nd5 14. Ng4 Nxf4 15. gxf4 h5 16. Nf6+ Kh8 17. Ng5 Ne7 18. Nfh7 Rd8 19. Be4 Nf5 20. O-O-O Rb8 21. Nf6 Qe7 22. Nxh5 gxh5 23. Qe2 Nh6 24. Qxh5 f5 25. exf6 Qxf6 26. Rdg1 Bd7 27. Rg3 Be8 28. Qf3 Nf5 29. Rg2 Rd7 30. Rhg1 Re7 31. h5 Nh4 32. Qg3 Nxg2 33. Rxg2 Bh6 34. Kb1 Rg7 35. Qh2 Rd8 36. Qh4 Bc6 37. a3 Rf8 38. Rg4 Bxe4 39. dxe4 e5 40. fxe5 Qxf2 41. Ne6 Qf1+ 0-1

[Event "26th Rubinstein Memorial"]
[Site "Polanica Zdroj POL"]
[Date "1988.08.??"]
[Round "3"]
[White "Drasko, Milan"]
[Black "Levitt, Jonathan"]
[WhiteElo "2510"]
[BlackElo "2485"]
[Result "1/2-1/2"]
[EventDate "1988.08.04"]
[PlyCount "96"]
1. Nf3 Nf6 2. c4 b6 3. g3 Bb7 4. Bg2 e6 5. O-O Be7 6. d4 O-O 7. Nc3 Ne4 8. Qc2 Nxc3 9. Qxc3 c5 10. Rd1 d6 11. Bf4 Nc6 12. Qd2 Bf6 13. dxc5 dxc5 14. Ng5 Qxd2 15. Rxd2 Rad8 16. Ne4 Be5 17. Nd6 Bxf4 18. gxf4 Ba8 19. Kf1 Nd4 20. Bxa8 Rxd6 21. Be4 Rfd8 22. Rd3 f5 23. Bg2 Nc2 24. Rxd6 Rxd6 25. Rb1 Rd2 26. a3 Nd4 27. e3 Nb3 28. Ke1 Kf7 29. Bf3 Rd6 30. Bd1 Nd2 31. Rc1 Ne4 32. f3 Nf6 33. Ke2 Ke7 34. b4 Rc6 35. b5 Rc7 36. a4 a6 37. bxa6 Ra7 38. a5 Rxa6 39. axb6 Rxb6 40. Rc2 Ne8 41. Ra2 Nd6 42. Kd3 Rb4 43. Ra7+ Kf6 44. Rc7 Nxc4 45. Rxc5 Nb2+ 46. Ke2 Nxd1 47. Kxd1 Rb1+ 48. Rc1 Rb2 1/2-1/2

[Event "26th Rubinstein Memorial"]
[Site "Polanica Zdroj POL"]
[Date "1988.08.??"]
[Round "3"]
[White "Jasnikowski, Zbigniew"]
[Black "Chernin, Alexander"]
[WhiteElo "2425"]
[BlackElo "2565"]
[Result "1/2-1/2"]
[EventDate "1988.08.04"]
[PlyCount "96"]
1. d4 Nf6 2. c4 e6 3. Nf3 d5 4. Nc3 dxc4 5. e3 a6 6. a4 c5 7. Bxc4 Nc6 8. O-O Be7 9. Qe2 cxd4 10. Rd1 e5 11. exd4 exd4 12. Nxd4 Nxd4 13. Qe5 Qd6 14. Qxd6 Bxd6 15. Rxd4 Be5 16. Rd1 O-O 17. Nd5 Be6 18. Nxf6+ Bxf6 19. Bxe6 fxe6 20. Be3 Rfd8 21. g3 Rd5 22. Rxd5 exd5 23. Rc1 b5 24. b3 d4 25. Bd2 bxa4 26. bxa4 Rb8 27. Kf1 d3 28. Kg2 Rb2 29. Rd1 Ra2 30. a5 Kf7 31. Kf3 Bd8 32. Ke4 Ke6 33. f4 Bxa5 34. Bxa5 Ra4+ 35. Kxd3 Rxa5 36. Ke4 Ra4+ 37. Kf3 a5 38. Rd8 Ra2 39. Re8+ Kf7 40. Ra8 h5 41. g4 hxg4+ 42. Kxg4 a4 43. Ra7+ Kg8 44. f5 a3 45. Kg3 Ra1 46. Kg2 Ra2+ 47. Kg3 Ra1 48. Kg2 Ra2+ 1/2-1/2

[Event "26th Rubinstein Memorial"]
[Site "Polanica Zdroj POL"]
[Date "1988.08.??"]
[Round "3"]
[White "Staniszewski, Piotr"]
[Black "Teske, Henrik"]
[WhiteElo "2425"]
[BlackElo "2405"]
[Result "1/2-1/2"]
[EventDate "1988.08.04"]
[PlyCount "24"]
1. d4 Nf6 2. c4 a6 3. Nc3 c5 4. e3 e6 5. Nf3 b6 6. Bd3 Bb7 7. O-O Be7 8. b3 cxd4 9. exd4 d5 10. Bb2 O-O 11. Re1 Ra7 12. Ne5 Nc6 1/2-1/2

[Event "26th Rubinstein Memorial"]
[Site "Polanica Zdroj POL"]
[Date "1988.08.??"]
[Round "4"]
[White "Bany, Jerzy"]
[Black "Borkowski, Franciszek"]
[WhiteElo "2445"]
[BlackElo "2410"]
[Result "0-1"]
[EventDate "1988.08.04"]
[PlyCount "38"]
1. d4 Nf6 2. Nf3 c5 3. d5 b5 4. Bg5 Ne4 5. Bf4 e6 6. Qd3 Nf6 7. e4 c4 8. Qe2 Bb7 9. Nc3 Qa5 10. a4 Bc5 11. Nd2 a6 12. Be3 Bxe3 13. Qxe3 O-O 14. O-O-O exd5 15. exd5 d6 16. Nde4 Nxe4 17. Nxe4 Qxa4 18. Nxd6 c3 19. Kb1 cxb2 0-1

[Event "26th Rubinstein Memorial"]
[Site "Polanica Zdroj POL"]
[Date "1988.08.??"]
[Round "4"]
[White "Chernin, Alexander"]
[Black "Staniszewski, Piotr"]
[WhiteElo "2565"]
[BlackElo "2425"]
[Result "1-0"]
[EventDate "1988.08.04"]
[PlyCount "93"]
1. c4 Nf6 2. g3 g6 3. Bg2 Bg7 4. Nc3 c5 5. e3 O-O 6. Nge2 d6 7. O-O a6 8. b3 Nbd7 9. d4 Rb8 10. a4 b6 11. Ra2 Bb7 12. d5 Ne8 13. Qc2 Nc7 14. e4 b5 15. a5 e6 16. Nd1 exd5 17. exd5 bxc4 18. bxc4 Ne8 19. h3 Nef6 20. Ne3 Re8 21. Bd2 h5 22. Rb1 Qc7 23. Nc3 Ba8 24. Re1 Bb7 25. Na4 Nh7 26. Bc3 Bxc3 27. Qxc3 Ndf6 28. Rae2 Re7 29. g4 hxg4 30. hxg4 Rbe8 31. f3 Bc8 32. Nb2 Qd8 33. Nd3 Nd7 34. Nf2 Ndf6 35. f4 Bd7 36. g5 Nh5 37. Nfg4 Bxg4 38. Nxg4 Ng7 39. Rxe7 Rxe7 40. Rb1 Qc8 41. Nf6+ Kh8 42. Qh3 Qxh3 43. Bxh3 Ne8 44. Rb8 Nhxf6 45. gxf6 Re1+ 46. Kf2 Re4 47. Kf3 1-0

[Event "26th Rubinstein Memorial"]
[Site "Polanica Zdroj POL"]
[Date "1988.08.??"]
[Round "4"]
[White "Matlak, Marek"]
[Black "Jasnikowski, Zbigniew"]
[WhiteElo "2420"]
[BlackElo "2425"]
[Result "1/2-1/2"]
[EventDate "1988.08.04"]
[PlyCount "28"]
1. Nf3 Nf6 2. c4 g6 3. Nc3 d5 4. cxd5 Nxd5 5. e4 Nxc3 6. dxc3 Qxd1+ 7. Kxd1 f6 8. Bc4 e5 9. Be3 Nd7 10. Kc2 Bc5 11. Rhe1 Bxe3 12. Rxe3 Nb6 13. Bb3 a5 14. a3 a4 1/2-1/2

[Event "26th Rubinstein Memorial"]
[Site "Polanica Zdroj POL"]
[Date "1988.08.??"]
[Round "4"]
[White "Tseitlin, Mikhail"]
[Black "Borges Matos, Juan"]
[WhiteElo "2381"]
[BlackElo "2439"]
[Result "1/2-1/2"]
[EventDate "1988.08.04"]
[PlyCount "61"]
1. d4 c5 2. d5 g6 3. Nc3 Bg7 4. e4 d6 5. Nf3 Nf6 6. Bb5+ Nbd7 7. a4 Rb8 8. O-O a6 9. Be2 b6 10. Bf4 O-O 11. Re1 Ne8 12. Qd2 Nc7 13. Bh6 Bxh6 14. Qxh6 f6 15. h4 Ne5 16. Nd2 e6 17. dxe6 Bxe6 18. Nf1 b5 19. axb5 axb5 20. Qd2 b4 21. Nd5 Bxd5 22. exd5 f5 23. f4 Nd7 24. h5 Nf6 25. hxg6 hxg6 26. Bf3 Ra8 27. Qd3 Qd7 28. Nd2 Kg7 29. Nc4 Rxa1 30. Rxa1 Re8 31. Ra8 1/2-1/2

[Event "26th Rubinstein Memorial"]
[Site "Polanica Zdroj POL"]
[Date "1988.08.??"]
[Round "5"]
[White "Borkowski, Franciszek"]
[Black "Levitt, Jonathan"]
[WhiteElo "2410"]
[BlackElo "2485"]
[Result "1/2-1/2"]
[EventDate "1988.08.04"]
[PlyCount "130"]
1. e4 e6 2. d4 d5 3. Nc3 Bb4 4. Qd3 dxe4 5. Qxe4 Nf6 6. Qh4 Nd5 7. Qxd8+ Kxd8 8. Bd2 Nxc3 9. bxc3 Bd6 10. Nf3 b6 11. Ng5 Ke7 12. Ne4 Bb7 13. Bd3 Nd7 14. O-O Nf6 15. f3 Nxe4 16. fxe4 e5 17. d5 Bc5+ 18. Kh1 Raf8 19. a4 a5 20. Bb5 Bc8 21. Rae1 Kd6 22. Rf3 f5 23. exf5 Rxf5 24. Rxf5 Bxf5 25. Bc6 Rf8 26. Rf1 h6 27. c4 Rf7 28. Be8 Rf6 29. Bb5 Bxc2 30. Rxf6+ gxf6 31. Bxh6 e4 32. Bf4+ Ke7 33. Bxc7 e3 34. d6+ Bxd6 35. Bxb6 e2 36. Bxa5 Bc5 37. Be1 Kd6 38. h4 Ke5 39. Kh2 Be4 40. a5 Kd4 41. a6 Kd3 42. h5 Kc2 43. Ba4+ Kc1 44. h6 Be3 45. Bc6 Bxc6 46. h7 Kd1 47. Bg3 Bf4 48. Bxf4 e1=Q 49. h8=Q Qe2 50. Qg8 Ke1 51. a7 Kf1 52. Qg6 Qxg2+ 53. Qxg2+ Bxg2 54. Kg3 Ba8 55. Kg4 Ke2 56. Kf5 Kd3 57. c5 Kc4 58. Bd6 Kb5 59. Ke6 Ka6 60. Bb8 Bh1 61. Kd7 Kb7 62. Kd6 f5 63. Kd7 Bg2 64. Ke6 Be4 65. Kd6 Bh1 1/2-1/2

[Event "26th Rubinstein Memorial"]
[Site "Polanica Zdroj POL"]
[Date "1988.08.??"]
[Round "5"]
[White "Jasnikowski, Zbigniew"]
[Black "Bany, Jerzy"]
[WhiteElo "2425"]
[BlackElo "2445"]
[Result "0-1"]
[EventDate "1988.08.04"]
[PlyCount "78"]
1. d4 d5 2. c4 c6 3. Nf3 Nf6 4. Nc3 e6 5. Bg5 dxc4 6. e4 b5 7. e5 h6 8. Bh4 g5 9. Nxg5 hxg5 10. Bxg5 Nbd7 11. exf6 Bb7 12. g3 c5 13. d5 Nxf6 14. Bxc4 bxc4 15. Qa4+ Qd7 16. Bxf6 Qxa4 17. Nxa4 Rh6 18. Bg5 Rg6 19. h4 exd5 20. O-O-O Bc6 21. Rhe1+ Re6 22. Nc3 d4 23. Ne2 Kd7 24. Nf4 Rd6 25. Nh3 Bf3 26. Rd2 Bg4 27. Ng1 Ra6 28. Rc2 Rxa2 29. Rxc4 Rb8 30. b4 Be6 31. Rc2 Ra1+ 32. Kd2 Rxe1 33. Kxe1 c4 34. Nf3 Bxb4+ 35. Bd2 d3 36. Rc1 Ba3 37. Ra1 Bb2 38. Rxa7+ Ke8 39. Ng5 Bd4 0-1

[Event "26th Rubinstein Memorial"]
[Site "Polanica Zdroj POL"]
[Date "1988.08.??"]
[Round "5"]
[White "Teske, Henrik"]
[Black "Chernin, Alexander"]
[WhiteElo "2405"]
[BlackElo "2565"]
[Result "0-1"]
[EventDate "1988.08.04"]
[PlyCount "102"]
1. e4 c6 2. d4 d5 3. Nc3 g6 4. Nf3 Bg7 5. Bf4 Bg4 6. exd5 cxd5 7. h3 Bxf3 8. Qxf3 Nf6 9. Bxb8 Rxb8 10. Bb5+ Kf8 11. O-O-O Rc8 12. Ba4 e6 13. Kb1 a6 14. g4 b5 15. Bb3 Qb6 16. g5 Ne8 17. h4 Nd6 18. h5 Rg8 19. Rh4 Qd8 20. Rg4 Nf5 21. Ne2 Qb6 22. Rf4 Rc7 23. c3 Ke8 24. Ng3 Nd6 25. Qh1 Kd7 26. hxg6 hxg6 27. Qh7 Qb8 28. Ne2 Kc6 29. Nc1 Qf8 30. Qh1 Rh8 31. Qg2 Qd8 32. Nd3 Kb6 33. Rg4 Nf5 34. a4 Bf8 35. axb5 axb5 36. Kc2 Bd6 37. Rh1 Rc8 38. Qf1 Rxh1 39. Qxh1 Qh8 40. Bxd5 exd5 41. Qxd5 Qe8 42. Kd2 Rc7 43. b3 Qc8 44. c4 bxc4 45. bxc4 Rxc4 46. Nc5 Rb4 47. Qxf7 Nxd4 48. Nd7+ Kc6 49. Nf6 Qe6 50. Qxe6 Nxe6 51. Ne4 Bf4+ 0-1

[Event "26th Rubinstein Memorial"]
[Site "Polanica Zdroj POL"]
[Date "1988.08.??"]
[Round "6"]
[White "Bany, Jerzy"]
[Black "Staniszewski, Piotr"]
[WhiteElo "2445"]
[BlackElo "2425"]
[Result "1/2-1/2"]
[EventDate "1988.08.04"]
[PlyCount "72"]
1. Nf3 c5 2. b3 d5 3. e3 f6 4. d4 Nc6 5. c4 e6 6. cxd5 exd5 7. Be2 cxd4 8. Nxd4 Bb4+ 9. Bd2 Bd6 10. Bh5+ g6 11. Bf3 Nge7 12. Nc3 Be5 13. Nce2 O-O 14. Bc3 a6 15. O-O Qd6 16. g3 Bd7 17. Qd2 Be8 18. Bg2 f5 19. Qb2 Bf6 20. Rad1 g5 21. Nf3 Bh5 22. Rd2 Bxc3 23. Nxc3 f4 24. Ne4 Qh6 25. Nexg5 fxe3 26. Re2 exf2+ 27. Rfxf2 Qf6 28. Qd2 Bxf3 29. Nxf3 Qg7 30. Re1 d4 31. Re4 Nf5 32. Ng5 Ne3 33. Rxf8+ Qxf8 34. Rxe3 dxe3 35. Bd5+ Kh8 36. Qxe3 Qf6 1/2-1/2

[Event "26th Rubinstein Memorial"]
[Site "Polanica Zdroj POL"]
[Date "1988.08.??"]
[Round "6"]
[White "Levitt, Jonathan"]
[Black "Jasnikowski, Zbigniew"]
[WhiteElo "2485"]
[BlackElo "2425"]
[Result "1/2-1/2"]
[EventDate "1988.08.04"]
[PlyCount "39"]
1. d4 Nf6 2. c4 g6 3. Nc3 d5 4. Bf4 Bg7 5. e3 c5 6. dxc5 Qa5 7. Rc1 Ne4 8. cxd5 Nxc3 9. Qd2 Qxa2 10. bxc3 Qa5 11. Nf3 Nd7 12. Bc4 Nxc5 13. Be5 Bxe5 14. Nxe5 f6 15. Nf3 b5 16. Ba2 Ne4 17. Qb2 Bd7 18. O-O Rc8 19. Qb4 Qxa2 20. Qxe4 1/2-1/2

[Event "26th Rubinstein Memorial"]
[Site "Polanica Zdroj POL"]
[Date "1988.08.??"]
[Round "6"]
[White "Matlak, Marek"]
[Black "Teske, Henrik"]
[WhiteElo "2420"]
[BlackElo "2405"]
[Result "1/2-1/2"]
[EventDate "1988.08.04"]
[PlyCount "28"]
1. d4 Nf6 2. Nf3 e6 3. c4 c5 4. d5 exd5 5. cxd5 b5 6. Bg5 h6 7. Bxf6 Qxf6 8. Qc2 d6 9. e4 a6 10. a4 b4 11. Nfd2 Nd7 12. Nc4 g5 13. Nbd2 Bg7 14. Be2 O-O 1/2-1/2

[Event "26th Rubinstein Memorial"]
[Site "Polanica Zdroj POL"]
[Date "1988.08.??"]
[Round "7"]
[White "Borkowski, Franciszek"]
[Black "Tseitlin, Mikhail"]
[WhiteElo "2410"]
[BlackElo "2381"]
[Result "1/2-1/2"]
[EventDate "1988.08.04"]
[PlyCount "123"]
1. e4 c6 2. d4 d5 3. Nc3 dxe4 4. Nxe4 Nf6 5. Qd3 Nxe4 6. Qxe4 Qd5 7. Bd3 Nd7 8. Qxd5 cxd5 9. Bf4 g6 10. Ne2 Nf6 11. Nc3 Bg7 12. Nb5 Nh5 13. Be3 Kd8 14. a4 Bf5 15. a5 Bxd3 16. cxd3 Kd7 17. Kd2 Rhc8 18. Rhc1 Rc6 19. Nc3 e6 20. b4 f5 21. f3 Bf8 22. b5 Rc7 23. g4 Rac8 24. Rab1 f4 25. Bf2 Nf6 26. Bh4 Ng8 27. Bg5 Bd6 28. b6 axb6 29. Rxb6 Ba3 30. Rc2 e5 31. Rb3 Be7 32. Bxe7 Nxe7 33. Rcb2 exd4 34. Nb5 Rc5 35. Nxd4 Rxa5 36. Rxb7+ Rc7 37. Rxc7+ Kxc7 38. Ne6+ Kd6 39. Nxf4 Nc6 40. Ne2 Ra1 41. Ke3 Re1 42. f4 h5 43. g5 h4 44. Rc2 Rf1 45. Rb2 Re1 46. Rb6 Kc5 47. Rxc6+ Kxc6 48. f5 Kd6 49. fxg6 Ke7 50. Kf3 Kf8 51. Nf4 Rg1 52. Nxd5 Rxg5 53. Nf4 Rg1 54. Ke4 h3 55. Kf5 Rf1 56. Kg5 Rf2 57. Nxh3 Rxh2 58. Nf4 Ke7 59. d4 Rh1 60. d5 Rg1+ 61. Kf5 Rd1 62. Ke5 1/2-1/2

[Event "26th Rubinstein Memorial"]
[Site "Polanica Zdroj POL"]
[Date "1988.08.??"]
[Round "7"]
[White "Chernin, Alexander"]
[Black "Matlak, Marek"]
[WhiteElo "2565"]
[BlackElo "2420"]
[Result "1/2-1/2"]
[EventDate "1988.08.04"]
[PlyCount "79"]
1. c4 e6 2. g3 d5 3. Bg2 c6 4. Nf3 b5 5. b3 Nf6 6. O-O Be7 7. Ba3 b4 8. Bb2 Bb7 9. Qc2 Nbd7 10. d4 c5 11. cxd5 Bxd5 12. Nbd2 Rc8 13. Rac1 O-O 14. Qb1 Rc7 15. Rfd1 Qa8 16. Nh4 Bxg2 17. Nxg2 Rfc8 18. Nc4 cxd4 19. Bxd4 Bc5 20. Bxc5 Rxc5 21. Nge3 h6 22. f3 Qb8 23. Kg2 Ne5 24. Qb2 Nxc4 25. bxc4 a5 26. a3 bxa3 27. Qxa3 Qe5 28. Kf2 Qh5 29. h4 Qe5 30. Qa1 Qc7 31. Rb1 Nd7 32. Rb5 Ne5 33. Qd4 a4 34. Rxc5 Qxc5 35. Qxc5 Rxc5 36. Rd8+ Kh7 37. Ra8 Nxc4 38. Rxa4 Nxe3 39. Kxe3 g6 40. Kf2 1/2-1/2

[Event "26th Rubinstein Memorial"]
[Site "Polanica Zdroj POL"]
[Date "1988.08.??"]
[Round "7"]
[White "Staniszewski, Piotr"]
[Black "Levitt, Jonathan"]
[WhiteElo "2425"]
[BlackElo "2485"]
[Result "1/2-1/2"]
[EventDate "1988.08.04"]
[PlyCount "52"]
1. d4 Nf6 2. Nf3 e6 3. Bg5 c5 4. e3 Be7 5. Nbd2 b6 6. c3 O-O 7. Bd3 Ba6 8. Bxa6 Nxa6 9. O-O Qc7 10. Qe2 Qb7 11. e4 h6 12. Bh4 cxd4 13. cxd4 d6 14. e5 dxe5 15. dxe5 Nd5 16. Bxe7 Nxe7 17. Ne4 Nb4 18. Nd6 Qd7 19. Nd4 Nc8 20. Nxc8 Raxc8 21. Rfd1 Rc5 22. Nf5 Qb5 23. Ne7+ Kh8 24. Qxb5 Rxb5 25. Rd7 Rxe5 26. a3 Nd5 1/2-1/2

[Event "26th Rubinstein Memorial"]
[Site "Polanica Zdroj POL"]
[Date "1988.08.??"]
[Round "7"]
[White "Teske, Henrik"]
[Black "Bany, Jerzy"]
[WhiteElo "2405"]
[BlackElo "2445"]
[Result "1/2-1/2"]
[EventDate "1988.08.04"]
[PlyCount "35"]
1. e4 e6 2. d4 d5 3. exd5 exd5 4. Nf3 Nf6 5. c4 Bb4+ 6. Nc3 O-O 7. a3 Bxc3+ 8. bxc3 Re8+ 9. Be3 Ng4 10. Qd2 Nc6 11. cxd5 Qxd5 12. Bd3 Bf5 13. c4 Qd7 14. O-O Rad8 15. h3 Bxd3 16. Qxd3 Nge5 17. Nxe5 Nxe5 18. Qe2 1/2-1/2

[Event "26th Rubinstein Memorial"]
[Site "Polanica Zdroj POL"]
[Date "1988.08.??"]
[Round "8"]
[White "Bany, Jerzy"]
[Black "Chernin, Alexander"]
[WhiteElo "2445"]
[BlackElo "2565"]
[Result "1/2-1/2"]
[EventDate "1988.08.04"]
[PlyCount "86"]
1. d4 Nf6 2. Nf3 e6 3. c4 b6 4. g3 Ba6 5. b3 Bb7 6. Bg2 Bb4+ 7. Bd2 a5 8. O-O O-O 9. Bc3 Be7 10. Bb2 Na6 11. Nc3 d5 12. Ne5 Qc8 13. Rc1 Rd8 14. e3 c5 15. cxd5 exd5 16. Qf3 Bd6 17. Nc4 Bc7 18. Rfd1 Ne4 19. Nxe4 dxe4 20. Qh5 Qe6 21. Qh4 f5 22. Qh5 a4 23. Bh3 Rf8 24. Bf1 axb3 25. axb3 Nb4 26. dxc5 bxc5 27. Ra1 Nd3 28. Bc3 Rxa1 29. Rxa1 Ba6 30. Ra4 Bxc4 31. Rxc4 g6 32. Qd1 Rd8 33. Qa1 Qd5 34. Qa7 Be5 35. Bxe5 Qxe5 36. Qb6 Qd6 37. Qa5 Rb8 38. Bxd3 exd3 39. Qxc5 Qxc5 40. Rxc5 Rxb3 41. Rd5 Kf7 42. h4 Ke6 43. Rd4 Ke5 1/2-1/2